000
00347 a2200157 4500
001
188645
020
_a
040
_c
Magnum
100
_a
Bezerra, Armando José China
240
1
0
_a
As belas artes da medicina
_l
por
245
1
0
_a
As belas artes da medicina
300
_a
114
362
0
_a
2003
697
_a
MEDICINA E SAÚDE
942
_c
BK
999
_c
188645
_d
188645